Don Pedro de Valdivia: Conquistador de Chile

Wedi'i Gadw mewn:
Manylion Llyfryddiaeth
Prif Awdur: Arciniega, Rosa (Awdur)
Fformat: Llyfr
Iaith:Sbaeneg
Cyhoeddwyd: Santiago Nascimento 1943
Rhifyn:1a. ed
Pynciau:
Tagiau: Ychwanegu Tag
Dim Tagiau, Byddwch y cyntaf i dagio'r cofnod hwn!

MARC

LEADER 00000nam a2200000 a 4500
001 UCJ4324
003 CL-VaPUC
008 070124e19431222CL |||||||||||||||||spa|d
082 0 4 |a 923  |b VAL  |2 21 
100 0 |a Arciniega, Rosa  |e author  |9 507779 
245 1 0 |a Don Pedro de Valdivia: Conquistador de Chile 
250 |a 1a. ed 
300 |a 462 p 
942 |c BK 
945 |d 20070124 00:00:00  |a rinostro 
260 |a Santiago  |b Nascimento  |c 1943 
600 0 7 |a VALDIVIA, PEDRO DE  |2 CL-VaPUC  |9 317024 
600 0 7 |a GARCIA DE VILLALON, DIEGO  |2 CL-VaPUC  |9 507780 
650 7 |a BIOGRAFIA  |2 CL-VaPUC  |9 504622 
650 0 |a Conquista  |9 339504 
650 0 |a Fundación de ciudades  |9 396125 
650 0 |a Guerra de Arauco  |9 267618 
650 7 |a DOCUMENTOS  |2 CL-VaPUC  |9 366450 
650 7 |a INSTITUCIONES COLONIALES  |2 CL-VaPUC  |9 389426 
651 7 |a CHILE  |2 CL-VaPUC  |9 507781 
651 0 |a Perú  |9 256567 
583 |a last modification  |c 20070124 00:00:00  |k Rodrigo Vera 
999 |c 320440  |d 320438 
952 |0 0  |1 0  |4 0  |6 923_000000000000000_VAL_1943  |7 0  |8 X  |9 398960  |a FDOBUD  |b FDOBUD  |d 2019-11-22  |i 1016776  |o 923 VAL 1943  |p 1016776  |r 2019-11-22  |w 2019-11-22  |y BK_X  |k BUD